Country Compass - Eritrea - Statistics

General Stats
  • This quiz has been taken 9 times
  • The average score is 22 of 26
Answer Stats
Country % Correct
Algeria
100%
Angola
100%
Botswana
100%
Ghana
100%
Mali
100%
Mozambique
100%
Namibia
100%
Burkina Faso
88%
India
88%
Kazakhstan
88%
Madagascar
88%
Russia
88%
South Africa
88%
Sri Lanka
88%
Austria
75%
Belarus
75%
China
75%
Czech Republic
75%
France
75%
Germany
75%
Italy
75%
Kyrgyzstan
75%
Nepal
75%
Poland
75%
Spain (Mallorca)
75%
Switzerland
75%
No matching quizzes found
Score Distribution
Percent of People with Each Score
Percentile by Number Answered
Your Score History
You have not taken this quiz